000 nam a22 a 4500
999 _c1741
_d1741
005 20170511145957.0
008 170511b2008 xxu||||| |||| 00| 0 eng d
020 _a0195183525 (hbk.) :
_c£23.99
040 _aAKMAL
082 _a338.5 FRI
090 _a338.5
_bFRI
245 0 4 _aThe measurement of productive efficiency and productivity growth /
_cedited by Harold O. Fried, C.A. Knox Lovell, Shelton S. Schmidt.
260 _aOxford :
_bOxford University Press,
_c2008.
300 _axiv, 638 p. :
_bill. ;
_c25cm
500 _aFormerly CIP.
504 _a Includes bibliographical references and index.
599 _aDALAM PROSES
650 0 _aIndustrial efficiency
_xMeasurement.
_93598
650 0 _aIndustrial productivity
_xMeasurement.
_93599
700 1 _aLovell, C. A. Knox.
_93600
700 1 _aSchmidt, Shelton S.
_93601
852 4 1 _aBritish Library
_bHMNTS
852 4 1 _aBritish Library
_bDSC
942 _2ddc
_cBOOK